=LDR 00000nam 2200000 4500 =001 INLIS000000000010166 =005 20130612101900 =008 ***********************************Ind** =035 ##$$0010-061300000010166 =041 ##$$a Ind =082 ##$$a 531.04 =090 ##$$a 531.04, Sar m =100 ##$$a Sarojo, Ganijanti Aby =245 ##$$a Seri fisika dasar, Mekanika, Ganijanti Aby Sarojo =260 ##$$a 2002 $b Jakarta =300 ##$$a ix, 413 hlm, ilus, 26 cm =650 ##$$a Mekanika-Dasar =850 ##$$a NBPNMAT =990 ##$$a 93439/BPAP-NTB/2014 =990 ##$$a 93728/BPAP-NTB/2014 =990 ##$$a 0001/BPAP-NTB/20142015 =990 ##$$a 10311293 =990 ##$$a 93728/BPAP-NTB/2014 =990 ##$$a 0001/BPAP-NTB/20142015 =990 ##$$a 10311293 =990 ##$$a 93728/BPAP-NTB/2014 =990 ##$$a 0001/BPAP-NTB/20142015